Missing Word: Amy Winehouse Quiz Stats

 Plays Quiz Updated Oct 13, 2017

Challenge
Share
Tweet
Embed
Score 0/16 Timer 02:00
0 Plays Today
Amy Winehouse Song Word % Correct
I Heard ____ Is BlindLove
83%
Back to ____Black
82.1%
You Know I'm No ____Good
56.9%
Me and Mr. ____Jones
51.7%
Tears ____ on Their OwnDry
51.3%
What Is It ____ MenAbout
46.3%
Love Is a ____ GameLosing
45.1%
Best Friends, ____?Right
26.5%
Amy Winehouse Song Word % Correct
____ Than MeStronger
26.3%
Wake Up ____Alone
22.5%
____ SmokeLike
22.4%
You ____ Me FlyingSent
22.4%
Some ____ WarUnholy
21.3%
Take the ____Box
17.5%
October ____Song
17.4%
____ the CheatsBetween
15.7%

Today's Daily Dose

You're not logged in!

Compare scores with friends on all Sporcle quizzes.
Join for Free
OR
Log In

You Might Also Like...

Show Comments

Extras

Top Quizzes Today


Score Distribution

Your Account Isn't Verified!

In order to create a playlist on Sporcle, you need to verify the email address you used during registration. Go to your Sporcle Settings to finish the process.

Report this User

Report this user for behavior that violates our Community Guidelines.

Details: